【プロ野球】 2025年で聴けなくなる応援歌 - Statistics

General Stats
  • This quiz has been taken 66 times
    26 since last reset
  • The average score is 18 of 58
Answer Stats
応援歌 選手名 % Correct
燃える青はさやけく 湧きのぼる意気果てなし今だ〇〇一筋の光 夜明けを告げる 中田翔
84%
ラララ⋯駆け抜けろホームまで 〇〇〇〇〜🎵 打て〇〇(〇・〇・〇!) 荻野貴司
74%
闘志を燃やし 鋭く振り抜けさぁかっとばせ さぁ打ちまくれ  我等の〇〇 松山竜平
63%
勝負決める一振り 血と汗の勲章その手で夢掴め さぁ翔け〇〇 中田翔
58%
赤く燃え上がる 夢見たこの世界で研ぎ澄ませそのセンス 打てよ〇〇 田中広輔
58%
地を這うアンダースロー 頼むぞサブマリン華麗なフォームで魅せろ 〇〇の力 高橋礼
53%
(打て!)力強く 無我夢中で振り抜け(行け!)魅せろ 勝利に繋がるその一撃 ここで〇〇 勝利の一打 オオオ⋯ オオオ⋯ 島内宏明
53%
当たると痛えぞ 〇〇パンチ 解き放てよこの瞬間 エンジン全開さあスパーク いざ満タンフルパワーで 撃て〇〇パンチ 磯村嘉孝
47%
オーオーオー君よこの歌と 君よこの声に今 共鳴起こせ 一筋貫く 夢の弾道 飛ばせ〇〇 放て〇〇 オオオオオオ オイ! ここまで 長野久義
47%
背番号0が グラウンド駆ける 〇〇が拓く 光の道 上本崇司
47%
みちのくへと 光をもたらす希望の道を行け 〇〇〇〇 阿部寿樹
42%
バットに夢をのせ 放つその打球でツバメを勝利へ 導け〇〇 川端慎吾
42%
天駆けるこの一打 放物線全てをのせて〇〇(〇〇!)さあ轟かせ その名をこの世界に 中田翔
42%
ここに立つ為に 鍛え抜いた日々よ〇〇のすべて 魅せろ 奮わせろ 原口文仁
42%
新たな道を描き 今踏み出そう遥か彼方目指す 輝く脚で 西川遥輝
42%
夢を運ぶ一振り 君が刻むヒストリー蒼く光る彗星 打てよ〇〇・〇〇 オースティン
42%
歴史を築け 〇〇〇〇 夢あふれるフィールド その名刻め〇〇 スタンド湧かす 永遠のアーチ 岡本和真
42%
闘志溢れる一打 今こそ放てよ 〇〇!×4 選ばれし猛者集う地で 強く咲く大輪  肥後より携えし力 今こそ解き放て 村上宗隆
42%
頼りになる鷹の中継ぎ 気持ち込めて〇〇今こそ 勝負に出ろ 又吉克樹
37%
歓声を背に受け 頂を見つめて 紅一筋に 突き進め〇〇 前だけを見据えて 新たなステージで 強靭な敵に今 立ち向かえ〇〇 長野久義
37%
チャンスを掴め 目指せ勝利 〇〇〇〇俊足巧打 守り抜け 魂込めて オオオ⋯ オイ! 岡島豪郎
37%
Go!Go!Let's Go! 跳ねろ マウンド三振奪取決まってるぜリーゼント 勝利だ〇〇 三浦大輔
37%
機先を制するため ここで口火を鑽れ 勇み立てよ 覚悟を決めた心で 雄渾と戦う様は 勝鬨誘う 咲き乱れよ 山中渓に咲く櫻が如く 萌えろ然えろ この好機生かせ 福田周平
32%
勝利を信じる声が こだまするこの地で今光る君の一打 快音を響かせて 太田賢吾
32%
今だ〇〇喰らいつけ 燃えろガッツマン 突っ走れどこまでも 勝利を呼ぶ男 桑原将志
32%
アニモ 〇〇 胸に宿るその魂を アニモ 〇〇 奮い立たせて挑め  ヘルナンデス
32%
ラララララー フィールドを 縦横無尽に駆け回れ勝利へ導く強い一撃 さあ行こう〇〇〇〇  山﨑剛
32%
滾る闘志を球に込め 唸る左腕よ今ここに多彩なボールで 全力まっしぐら 今村信貴
26%
迷いなく 踏み切る力は其処に在る襲い掛かる 敵を躱し 全力で飛び込め 佐野皓大
26%
投げろ燃えろよ〇〇 磨けカミソリシュート神宮のマウンドで 男の花咲かせろよ 高津臣吾
26%
ここで決めろ〇〇 プライドかけた一打を さあ今この舞台で 夢が動き出す 駿太
26%
〇〇の熱情は 鉄さえ溶かす今開く歴史 進め光目指して 松本剛
26%
放物線で導く 歓喜への道へと征戦向かう自慢の 豊かなパワー 宇草孔基
21%
今見せろその打棒 唸りを上げるスイング打ち抜け 〇〇〇〇 強打の一撃 渡邉諒
21%
豪打解き放つ その姿猛し歓喜の虹架けろ 我らの大砲 渡部健人
21%
風をその背に受け 駆け抜けろ〇〇突撃 進撃 疾風迅雷 重信慎之介
21%
夢は大きく高らかに 輝け(〇〇!)まだ見ぬ境地目指して 全力で突っ走れ 若林晃弘
21%
想い深き郷里の地で 歩み進めろ〇〇戦い挑み 攻守で導け 伏見寅威
21%
衝撃が今 突き刺さる 痺れる勇姿を 刻み込め 濱田太貴
21%
鋭いスイングで 敵を倒せ 未だ見ぬ境地 〇〇突っ走れ 石井一成
21%
勝利を呼ぶその背中で 魅せろ獅子の意地を〇〇〇〇 いざ解き放て 野村大樹
16%
立ち向かえ気持ち込め 腕を振り抜け速い球切れる球 勝利を決めろ 武田翔太
16%
鋭い打球を スタンドへ突き刺せ夢と希望乗せて GO!〇〇・〇〇 フォード
16%
歓喜の瞬間を その手で創るため高鳴る胸に秘められた 覚悟を示す時 伊藤光
16%
遠い異国の地で その名を轟かす熱き血潮解き放ち 世界驚かせろ Golpe(ゴルぺ)!Fuerte(フェルテ)! オーーーーー レオ!レオ!レオ! セデーニョ
16%
熱き心滾らせ 燃ゆるハート見せつけろ 恐れ知らぬヒーロー 〇〇(オイ!)立ち向かえ ヘルナンデス
16%
夢見た舞台で 秘めたその力 花を咲かせよう 星つなぐストーリー  楠本泰史
16%
雄々しく飛び立ち 華麗に舞い上がれ 巧みな投球で 勝利を掴め 有原航平
16%
光輝くセンス 我らを惹きつける 明日へ向かって走れ 翔けろ〇〇 平沼翔太
16%
燃え上がる胸と スタンドの声でその腕振り下ろし 輝け〇〇 森唯斗
11%
決める 気持ちだけだ 一筋の 道行き戦え 田浦文丸
11%
女神の微笑みは きっとあるから握るボール 決まるコース 敵を打ち取れ 板東湧梧
11%
遥か大きな夢を 掴むその日まで燃やせ不屈の魂を 熱く熱く熱く 山田遥楓
11%
気迫溢れる その球で 行けよ〇〇 ひたむきに 長谷川威展
11%
(前奏) 心磨き技を鍛え 凌ぎを交わした  その努力糧にして 気高く咲きゆけ 茶野篤政
11%
今走り出せ 闘志を燃やし気迫の一振り 戦え〇〇 オコエ瑠偉
11%
掴み取れ夢を 駆け巡れグラウンド 歓喜の渦へチーム導け 魅せろ〇〇 松原聖弥
11%
行け!走れ!Go〇〇 容赦なく切り貫け 迫る敵を薙ぎ払え 上野の駿馬よ 走り続けろ 駿太
11%
No matching quizzes found
Score Distribution
Percent of People with Each Score
Percentile by Number Answered
Your Score History
You have not taken this quiz since the last reset